000 00441nam a2200169Ia 4500
008 100531t1972 xxu||||| |||| 00| 0 sin d
041 _asin
080 _aX8S31
_bMAT
100 _aMathupema, G.A.
245 _aතවත් ශෝකාන්තයක්
246 _aThavath Shokanthayak 27
260 _bDJ
_aColombo
_c1972
300 _a163p., 16 cm
942 _cBK
999 _c70124
_d70124
003 LK-CoDNM
040 _aLK-CoDNM
_dLK-CoDNM
_eLK-CoDNM